000 00352pab a2200157 454500
008 180718b2009 xxu||||| |||| 00| 0 eng d
100 _aBilgrami, Akeel
245 _aDemocracy and disenchantment
260 _c2009
300 _ap.4-21.
362 _aNov-Dec
650 _aDemocracy
773 _aSocial Scientist
908 _aN
909 _a85435
999 _c85435
_d85435